Modern countries once owned by Germany - Statistics

General Stats
  • This quiz has been taken 68 times
    50 since last reset
  • The average score is 32 of 49
Answer Stats
Hint Answer % Correct
Europe Poland
90%
Europe France
88%
Europe Italy
88%
Europe UK
88%
Europe Denmark
86%
Europe Norway
86%
Europe Austria
83%
Europe Belgium
81%
Europe Hungary
81%
Europe Greece
79%
Europe Luxembourg
79%
Europe Netherlands
79%
Europe Lithuania
76%
Europe Serbia
76%
Europe Slovakia
76%
Europe Slovenia
76%
Europe Ukraine
76%
Europe Belarus
74%
Europe Croatia
74%
Europe Czechia
74%
Europe Romania
74%
Europe Albania
69%
Europe Estonia
69%
Europe Germany
69%
Europe San Marino
67%
Europe Bulgaria
64%
Africa Egypt
64%
Europe Montenegro
64%
Europe Bosnia
62%
Europe Kosovo
62%
Africa Namibia
62%
Africa Cameroon
60%
Africa Libya
60%
Europe Monaco
60%
Africa Togo
60%
Africa Congo
57%
Africa Tanzania
57%
Africa Ghana
55%
Europe Macedonia
52%
Africa Nigeria
52%
Oceania Nauru
50%
Africa Chad
48%
Africa Gabon
48%
Africa Tunisia
45%
Oceania Micronesia
43%
Africa Burundi
40%
Africa Rwanda
40%
Africa CAR
38%
Oceania PNG
36%
No matching quizzes found
Score Distribution
Percent of People with Each Score
Percentile by Number Answered
Your Score History
You have not taken this quiz since the last reset